Statistics for Well-Known Rappers by 2020

Click here to take the quiz!

General Stats

  • This quiz has been taken 6,575 times
  • The average score is 21 of 32

Answer Stats

HintAnswer% Correct
Sicko ModeTravis Scott
93%
Toosie SlideDrake
92%
The BoxRoddy Ricch
92%
Look At MeXXXTentacion
90%
Gucci GangLil Pump
88%
DiorPop Smoke
87%
Blinding LightsThe Weeknd
85%
A Lot21 Savage
83%
Shotta FlowNLE Choppa
83%
Gooba6ix9ine
81%
What's PoppinJack Harlow
81%
Blueberry FaygoLil Mosey
80%
SugeDaBaby
78%
ThotianaBlueface
76%
Life is GoodFuture
74%
ZEZEKodak Black
72%
Sum 2 ProveLil Baby
70%
F.NLil Tjay
69%
Pop OutPolo G
68%
Faucet FailureSki Mask the Slump God
62%
Dark Knight DummoTrippie Redd
62%
RighteousJuice Wrld
59%
HotYoung Thug
55%
P2Lil Uzi Vert
54%
Oprah's Bank AccountLil Yachty
47%
SkyboxGunna
44%
Broke in a MinuteTory Lanez
43%
CloutOffset
39%
AudiSmokepurpp
35%
RickyDenzel Curry
32%
MoneyCardi B
30%
Havin My WayLil Skies
25%

Score Distribution

Percentile by Number Answered

Percent of People with Each Score

Your Score History

You have not taken this quiz